Competitive strategies for the 21st century : theory, history, and practice /

Bibliographic Details
Corporate Author: ebrary, Inc
Other Authors: Mahnken, Thomas G., 1965-
Format: eBook
Language:English
Published: Stanford, Calif. : Stanford University Press, 2012.
Subjects:
Online Access:Connect to the full text of this electronic book

MARC

Tag First Indicator Second Indicator Subfields
LEADER 00000cam a2200000Ma 4500
001 in00002781442
006 m o d
007 cr cn|||||||||
008 120812s2012 cau ob 101 0 eng d
005 20250816223240.6
010 |z  2011052146 
020 |z 9780804782418 (cloth alk. paper) 
020 |z 9780804782425 (pbk. alk. paper) 
020 |z 9780804783187 (e-book) 
035 |a (OCoLC)ocn811405220 
035 |a (NhCcYBP)ebr10587950 
035 |a (OCoLC)811405220 
040 |a E7B  |c E7B  |d TXA  |d UtOrBLW 
043 |a n-us---  |a a-cc--- 
049 |a TXAM 
050 4 |a E183.8.C5  |b C67 2012eb 
082 0 4 |a 327.7305109/05  |2 23 
245 0 0 |a Competitive strategies for the 21st century :  |b theory, history, and practice /  |c edited by Thomas G. Mahnken. 
264 1 |a Stanford, Calif. :  |b Stanford University Press,  |c 2012. 
300 |a 1 online resource (xx, 318 pages) 
336 |a text  |b txt  |2 rdacontent 
337 |a computer  |b c  |2 rdamedia 
338 |a online resource  |b cr  |2 rdacarrier 
500 |a "This volume grew out of a conference on 'Developing Competitive Strategies for the 21st Century,' which was held at the U.S. Naval War College in Newport, Rhode Island in August 2010.": p. ix. 
504 |a Includes bibliographical references and index. 
505 0 |a The concept of competitive strategies / Thomas G. Mahnken -- Competitive strategies : theoretical foundations, limits, and extensions / Stephen P. Rosen -- Strategic interaction : theory and history for practitioners / Bradford A. Lee -- Barriers to acting strategically : why strategy is so difficult / Barry D. Watts -- U.S. competitive strategy during the Cold War / Gordon S. Barrass -- Overview of the competitive strategies initiative / Daniel I. Gouré -- Soviet military thought and the U.S. competitive strategies initiative / John Battilega -- The state of the U.S.-China competition / James Holmes -- The Chinese view of the competition / Jacqueline Newmyer Deal -- The power projection balance in Asia / Dan Blumenthal -- The undersea balance / Owen Coté -- A competitive strategy with Chinese characteristics? : the Second Artillery's growing conventional forces and missions / Michael S. Chase and Andrew S. Erickson -- Japan's competitive strategies at sea : a preliminary assessment / Toshi Yoshihara -- Strategic competition in the western Pacific : an Australian perspective / Ross Babbage -- Developing a strategy for a long-term Sino-US competition / James P. Thomas and Evan B. Montgomery -- China's maritime salient : competitive strategies on the oceanic front for the 21st century / Paul S. Giarra -- Cultural barriers to implementing a competitive strategy / James R. FitzSimonds. 
500 |a Electronic resource. 
650 0 |a National security  |z United States  |v Congresses. 
650 0 |a Strategic rivalries (World politics)  |v Congresses. 
651 0 |a United States  |x Foreign relations  |z China  |v Congresses. 
651 0 |a China  |x Foreign relations  |z United States  |v Congresses. 
651 0 |a United States  |x Foreign relations  |y 21st century  |v Congresses. 
655 7 |a Electronic books.  |2 local 
700 1 |a Mahnken, Thomas G.,  |d 1965- 
710 2 |a ebrary, Inc. 
856 4 0 |u https://ebookcentral.proquest.com/lib/tamucs/detail.action?docID=990655  |y Connect to the full text of this electronic book  |t 0 
948 |a cataloged  |b h  |c 2013/10/24  |d c  |e jlanham  |f 12:01:25 pm 
994 |a C0  |b TXA 
999 f f |s 5823c889-ed1d-3e0b-b7f3-9a67ab6774d5  |i 9d62b34b-724d-35a7-9c02-ae67502dafcd  |t 0 
999 |a MARS 
952 f f |a Texas A&M University  |b College Station  |c Electronic Resources  |d Available Online  |t 0  |e E183.8.C5 C67 2012eb  |h Library of Congress classification 
998 f f |a E183.8.C5 C67 2012eb  |t 0  |l Available Online